000 00635nam a22001697a 4500
999 _c20202
_d20202
008 240430b ||||| |||| 00| 0 eng d
082 _aDFil 510
_bAl252 [2023]
100 _aAlejan, Ronnie O.
_937007
245 _aMathematics in the modern world :
_bpractice set /
_cRonnie O. Alejon, Melvin B. Manayon, and Elisa V. Veloria.
260 _aDavao City :
_bThe University of Mindanao,
_c©[2023].
300 _a114 pages :
_billustrations ;
_c27 cm.
500 _aIncludes references.
650 _aMathematics.
_957159
700 _aManayon, Melvin B.
_eauthor.
_956866
700 _aEloria, Elisa V.
_eauthor.
_956867
942 _2ddc
_cDFIL